| 000 | 01215nam a2200313 a 4500 | ||
|---|---|---|---|
| 005 | 20091211142322.0 | ||
| 008 | 050913s2006 nyua b 000 1 eng | ||
| 020 |
_a0375835636 _c100.00 |
||
| 037 | _bBlueberry Books | ||
| 040 |
_adpl _bEnglish |
||
| 082 | _aS | ||
| 100 |
_aGreenburg, J. C. _q(Judith C.) |
||
| 245 |
_aWith the bats / _cby J. C. Greenburg ; illustrated by Jan Gerardi |
||
| 260 |
_aNew York _bRandom House _c2006 |
||
| 300 |
_a83 p.: _bill. _c20 cm(pbk) |
||
| 490 |
_aAndrew lost ; _v14 |
||
| 500 | _a"A Stepping Stone Book." | ||
| 520 | _aWhen Andrew and Judy, still the size of beetles, are carried into a cave, they learn more than they ever wanted to know about the bats and bugs that live there from Thudd the Robot--and personal experience. | ||
| 650 |
_aCaves _vFiction. |
||
| 650 |
_aBats _vFiction. |
||
| 650 |
_aInsects _vFiction. |
||
| 650 |
_aWorms _vFiction |
||
| 650 |
_aTime travel _vFiction. |
||
| 650 |
_aCousins _vFiction. |
||
| 700 | _aGerardi, Jan | ||
| 942 |
_2ddc _cCH _hS _mGRE |
||
| 999 |
_c32556 _d32556 |
||